<?xml version="1.0" encoding="UTF-8"?>
<record
    xmlns:xsi="http://www.w3.org/2001/XMLSchema-instance"
    xsi:schemaLocation="http://www.loc.gov/MARC21/slim http://www.loc.gov/standards/marcxml/schema/MARC21slim.xsd"
    xmlns="http://www.loc.gov/MARC21/slim">

  <leader>00953cam a2200229 a 4500</leader>
  <controlfield tag="001">81929</controlfield>
  <controlfield tag="003">BD-RjUL</controlfield>
  <controlfield tag="005">20230917154704.0</controlfield>
  <controlfield tag="008">230914s1948    p  a     b    001 0 pk  d</controlfield>
  <datafield tag="035" ind1=" " ind2=" ">
    <subfield code="a">(BD-RjUL)81929</subfield>
  </datafield>
  <datafield tag="040" ind1=" " ind2=" ">
    <subfield code="a">UKM</subfield>
    <subfield code="c">UKM</subfield>
    <subfield code="d">BD-RjUL</subfield>
    <subfield code="b">eng</subfield>
  </datafield>
  <datafield tag="041" ind1=" " ind2=" ">
    <subfield code="a">urd</subfield>
  </datafield>
  <datafield tag="082" ind1="0" ind2="4">
    <subfield code="a">891.43909</subfield>
    <subfield code="2">23</subfield>
    <subfield code="b">IKS 1948</subfield>
  </datafield>
  <datafield tag="100" ind1="1" ind2=" ">
    <subfield code="a"> &#x627;&#x6A9;&#x631;&#x627;&#x645;&#x60C; &#x627;&#x649;&#x633;. &#x627;&#x649;&#x645; ;;  Ikram, S. M. </subfield>
    <subfield code="9">35739</subfield>
    <subfield code="d">1908-1973</subfield>
  </datafield>
  <datafield tag="245" ind1="1" ind2="0">
    <subfield code="a">&#x62B;&#x642;&#x627;&#x641;&#x62A; &#x67E;&#x627;&#x6A9;&#x633;&#x62A;&#x627;&#x646; / S&#x332;aq&#x101;fat-i P&#x101;kist&#x101;n /</subfield>
    <subfield code="c"> murattabah, Shaik&#x332;h&#x332; Mu&#x1E25;ammad Ikr&#x101;m   ;;  &#x645;&#x631;&#x62A;&#x628;&#x647;&#x60C; &#x634;&#x649;&#x62E; &#x645;&#x62D;&#x645;&#x62F; &#x627;&#x6A9;&#x631;&#x627;&#x645;., &#x627;&#x6A9;&#x631;&#x627;&#x645;&#x60C; &#x627;&#x649;&#x633;. &#x627;&#x649;&#x645;. </subfield>
  </datafield>
  <datafield tag="260" ind1=" " ind2=" ">
    <subfield code="a"> Kar&#x101;ch&#x12B; :</subfield>
    <subfield code="b">&#x627;&#x62F;&#x627;&#x631;&#x6C2; &#x645;&#x637;&#x628;&#x648;&#x639;&#x627;&#x62A; &#x67E;&#x627;&#x6A9;&#x633;&#x62A;&#x627;&#x646;&#x60C; Id&#x101;rah-yi Mat&#x324;b&#x16B;&#x2BB;&#x101;t-i P&#x101;kist&#x101;n,, ,</subfield>
    <subfield code="c">1948</subfield>
  </datafield>
  <datafield tag="300" ind1=" " ind2=" ">
    <subfield code="a">344 pages ; :</subfield>
    <subfield code="b">ill. ;</subfield>
    <subfield code="c">23 cm.</subfield>
  </datafield>
  <datafield tag="504" ind1=" " ind2=" ">
    <subfield code="a">Includes bibliographical references and index.</subfield>
  </datafield>
  <datafield tag="650" ind1=" " ind2=" ">
    <subfield code="a">Pakistani literature</subfield>
    <subfield code="v">History and criticism</subfield>
    <subfield code="9">9017</subfield>
  </datafield>
  <datafield tag="650" ind1=" " ind2=" ">
    <subfield code="a">Urdu literature</subfield>
    <subfield code="v"> History and criticism</subfield>
  </datafield>
  <datafield tag="942" ind1=" " ind2=" ">
    <subfield code="2">ddc</subfield>
    <subfield code="c">BK</subfield>
  </datafield>
  <datafield tag="999" ind1=" " ind2=" ">
    <subfield code="c">81929</subfield>
    <subfield code="d">81929</subfield>
  </datafield>
  <datafield tag="952" ind1=" " ind2=" ">
    <subfield code="0">0</subfield>
    <subfield code="1">0</subfield>
    <subfield code="2">ddc</subfield>
    <subfield code="4">0</subfield>
    <subfield code="7">1</subfield>
    <subfield code="8">NFIC</subfield>
    <subfield code="a">RUCL</subfield>
    <subfield code="b">RUCL</subfield>
    <subfield code="c">Reading</subfield>
    <subfield code="d">2023-09-17</subfield>
    <subfield code="l">0</subfield>
    <subfield code="o">U   891.43909 IKS 1948</subfield>
    <subfield code="r">2023-09-17 00:00:00</subfield>
    <subfield code="t">C-1</subfield>
    <subfield code="w">2023-09-17</subfield>
    <subfield code="y">BK</subfield>
  </datafield>
  <datafield tag="952" ind1=" " ind2=" ">
    <subfield code="0">0</subfield>
    <subfield code="1">0</subfield>
    <subfield code="2">ddc</subfield>
    <subfield code="4">0</subfield>
    <subfield code="7">0</subfield>
    <subfield code="8">NFIC</subfield>
    <subfield code="a">RUCL</subfield>
    <subfield code="b">RUCL</subfield>
    <subfield code="c">GEN</subfield>
    <subfield code="d">1956-02-10</subfield>
    <subfield code="l">0</subfield>
    <subfield code="o">U   891.43909 IKS 1948</subfield>
    <subfield code="r">2023-09-24 00:00:00</subfield>
    <subfield code="t">C-2</subfield>
    <subfield code="w">2023-09-24</subfield>
    <subfield code="y">BK</subfield>
  </datafield>
  <datafield tag="952" ind1=" " ind2=" ">
    <subfield code="0">0</subfield>
    <subfield code="1">0</subfield>
    <subfield code="2">ddc</subfield>
    <subfield code="4">0</subfield>
    <subfield code="7">0</subfield>
    <subfield code="8">NFIC</subfield>
    <subfield code="a">RUCL</subfield>
    <subfield code="b">RUCL</subfield>
    <subfield code="c">GEN</subfield>
    <subfield code="d">2024-03-04</subfield>
    <subfield code="e">qazimi </subfield>
    <subfield code="l">0</subfield>
    <subfield code="o">U 891.43909 IKS 1948</subfield>
    <subfield code="r">2024-03-04 00:00:00</subfield>
    <subfield code="t">C-3</subfield>
    <subfield code="w">2024-03-04</subfield>
    <subfield code="y">BK</subfield>
  </datafield>
</record>
